Name the nearest city that's bigger - Statistics

General Stats
  • This quiz has been taken 747 times
    708 since last reset
  • The average score is 10 of 14
Answer Stats
Hint Answer % Correct
New York Mexico city
94%
Hangzhou Shanghai
88%
Kolkata Dhaka
86%
Detroit Toronto
86%
Bogota Lima
84%
Istanbul Cairo
82%
Atlanta Miami
81%
Luanda Kinshasa
77%
Casablanca Madrid
76%
Beirut Damascus
74%
Nairobi Dar es salaam
73%
Chennai Bangalore
66%
Zurich Stuttgart
42%
Darwin Dili
31%
No matching quizzes found
Score Distribution
Percent of People with Each Score
Percentile by Number Answered
Your Score History
You have not taken this quiz since the last reset